| 000 | 00519pab a2200193 454500 | ||
|---|---|---|---|
| 008 | 180718b2014 xxu||||| |||| 00| 0 eng d | ||
| 100 | _aBhardwaj, Neelam | ||
| 245 | _aCorporate governance practices in India- A case study | ||
| 260 | _c2014 | ||
| 300 | _ap.94-100. | ||
| 362 | _aMar | ||
| 650 | _aFinancial markets - India | ||
| 650 | _aCorporate governance - India | ||
| 650 | _aFinancial markets | ||
| 700 | _aRao, Batani Raghavendra | ||
| 773 | _aManagement Accountant | ||
| 908 | _aN | ||
| 909 | _a104066 | ||
| 999 |
_c104062 _d104062 |
||